000 00650nam a2200205 i 4500
001 43198
003 ES-MaACL
005 20250904063045.0
007 t|
008 030317s1968 sp ||||1| spa d
100 1 _aCastro y Bravo, Federico de,
_d1903-1983
_936965
245 1 0 _aCompendio de derecho civil /
_cFederico de Castro y Bravo.
250 _a4ª ed.
260 _aMadrid :
_bInstituto de Estudios Políticos,
_c1968.
300 _a400 p. ;
_c21 cm.
650 0 4 _aDerecho civil-
_zEspaña
_911659
710 2 _aInstituto de Estudios Políticos (Madrid)
_94924
852 _aES-MaACL
_jG-7345
_bR.65886
999 _c43198
_d43198